000 00752 a2200205 4500
003 NUST
005 20230608171644.0
010 _a 89042977
020 _a0273031554
040 _cNust
082 0 0 _a005.7565,KAL
100 1 _aKalman, David M.
_9113111
245 1 4 _aThe dBase language handbook :
_bQuicksilver, Clipper, dBXL, dBase III, dBase III Plus, dBase IV, and FoxBase+ /
_cDavid M. Kalman.
260 _aSan Marcos, CA :
_bMicrotrend Books,
_cc1989.
300 _axxix, 992 p. ;
_bill. ;
_c23 cm.
440 4 _aThe Data based advisor series
_9113112
505 _aSection 1 (Page-2), Command Reference (Page-14), Function Reference (Page-596).
650 0 _aDatabase management
_xComputer programs.
_998222
942 _cBK
_2ddc
_k005.7565,KAL
999 _c174942
_d174942